Statistical techniques in business & economics with global data sets / (Record no. 5270)
[ view plain ]
| 000 -LEADER | |
|---|---|
| fixed length control field | 01668nam a2200205 4500 |
| 020 ## - INTERNATIONAL STANDARD BOOK NUMBER | |
| ISBN | 9780071101516 |
| 020 ## - INTERNATIONAL STANDARD BOOK NUMBER | |
| ISBN | 0071101519 |
| 050 ## - CALL NUMBER | |
| Classification number | HA29 |
| Item number | .M268 |
| 100 ## - AUTHOR | |
| Personal name | Lind, Douglas A. |
| 245 ## - TITLE | |
| Title | Statistical techniques in business & economics with global data sets / |
| Statement of responsibility, etc | Douglas A. Lind, William G. Marchal, & Samuel A. Wathen |
| 250 ## - EDITION | |
| Edition statement | 13th ed. |
| 260 ## - PUBLICATION INFORMATION | |
| Place of publication | Boston |
| Name of publisher | McGraw-Hill |
| Year of publication | 2008 |
| 300 ## - DESCRIPTION | |
| Number of Pages | xix, 860p. : |
| Other physical details | ill. (col.) ; |
| Dimensions | 27cm |
| 500 ## - NOTES | |
| General note | Includes index |
| 505 ## - FORMATTED CONTENTS NOTE | |
| Table of Content | Chapter 1. What Is Statistics?<br/>Chapter 2. Describing Data: Frequency Tables, Frequency Distributions, and Graphic Presentation<br/>Chapter 3. Describing Data: Numerical Measures<br/>Chapter 4. Describing Data: Displaying and Exploring Data<br/>Chapter 5. A Survey of Probability Concepts<br/>Chapter 6. Discrete Probability Distributions<br/>Chapter 7. Continuous Probability Distributions<br/>Chapter 8. Sampling Methods and the Central Limit Theorem<br/>Chapter 9. Estimation and Confidence Intervals<br/>Chapter 10. One-Sample Tests of Hypothesis<br/>Chapter 11. Two-Sample Tests of Hypothesis<br/>Chapter 12. Analysis of Variance<br/>Chapter 13. Linear Regression and Correlation<br/>Chapter 14. Multiple Regressions and Correlation Analysis<br/>Chapter 15. Index Numbers<br/>Chapter 16. Time Series and Forecasting<br/>Chapter 17. Nonparametric Methods: Chi-Square Applications<br/>Chapter 18. Nonparametric Methods: Analysis of Ranked Data<br/>Chapter 19. Statistical Process Control and Quality Management<br/>Chapter 20. An Introduction to Decision Theory MegaStat for Excel Visual Statistics |
| 650 ## - SUBJECTS | |
| Topical Term | Statistics |
| 700 ## - OTHER AUTHORS | |
| Personal name | Marchal, William G. |
| 700 ## - OTHER AUTHORS | |
| Personal name | Wathen, Samuel A. |
| 942 ## - ADDED ENTRY ELEMENTS (KOHA) | |
| Koha item type | Books |
| Withdrawn status | Lost status | Collection code | Home library | Current library | Shelving location | Date acquired | Full call number | Accession Number | Koha item type |
|---|---|---|---|---|---|---|---|---|---|
| Reference | Methodist University Library Main | Methodist University Library Main | General Stacks | 19/03/2010 | HA29 .M268 | 30749 | Books | ||
| Reference | Methodist University Library Main | Methodist University Library Main | General Stacks | 16/03/2010 | HA29 .M268 | 30703 | Books | ||
| Methodist University Library Main | Methodist University Library Main | General Stacks | 16/03/2010 | HA29 .M268 | 30677 | Books |